000 01629nam a2200313 i 4500
003 DO-SdBNP
005 20230925095830.0
006 a||||gr|||| 00| 0
007 ta
008 230922e19411942|||||||| |||| 00| 0 spa d
040 _aDO-SdBNP
_bspa
_cBNPHU
_erda
082 4 _222
_bH519e
100 1 _aHenríquez Vergez, Homero
_925209
_eautor
245 1 3 _aLa existencia de un derecho internacional americano. /
_cHomero Henríquez Vergez
246 1 3 _aTesis de Derecho.
264 1 _aCiudad Trujillo, República Dominicana :
_b"Cosmopolita",
_c[1942]
300 _a66 páginas ;
_c23 cm.
336 _2rdacontent
_atexto
_btxt
337 _2rdamedia
_asin mediación
_bn
338 _2rdacarrier
_avolumen
_bnc
490 _aAño académico 1941 - 1942 :
_v7
500 _aIncluye bibliografía y notas al pie de páginas.
500 _aTesis para el Doctorado. Universidad Autónoma de Santo Domingo. Facultad de Derecho.
500 _a"La Universidad no se hace solidaria de las opiniones emitidas por el sustentante". (Ordenanza No. 21-40 de fecha 30 de septiembre de 1940).
504 _aBibliografía: página 66.
505 _aCapítulo I.
_tLa existencia e y Derecho Internacional Americano.
_gCapítulo II.
_tEl Padre Victoria y la génesis del Derecho Internacional de América.--
_gCapítulo III.
_tNacimiento y Desarrollo del Derecho Internacional Americano.--
_gCapítulo IV.
_tLos progresos del Derecho Internacional Americano desde 1889.--
_gCapítulo V.
_tEl Presidente Trujillo ante el Derecho Internacional de América.--
_tConclusiones.-- Bibliografía.
590 _aInventariado 2023 / MF
942 _2ddc
_cLBS1
999 _c54909
_d54909